Implementación de prototipo de goteador solar diurno para uso en una unidad productiva como apoyo a campos de refugiados
Guardado en:
| Hovedforfatter: | |
|---|---|
| Andre forfattere: | |
| Format: | Bog |
| Sprog: | Spanish |
| Udgivet: |
[San José ], Costa Rica
2016
|
| Fag: | |
| Tags: |
Tilføj Tag
Ingen Tags, Vær først til at tagge denne postø!
|
MARC
| LEADER | 00000nam a22000007a 4500 | ||
|---|---|---|---|
| 003 | 012663 | ||
| 005 | 20230920103902.0 | ||
| 008 | 170926b2016 cr a|||| m||| 00| ||spa d | ||
| 040 | |c cru CEDI | ||
| 090 | |a TFG 7814 | ||
| 100 | |9 1574 |a Picado Vargas, Manuel Ignacio, 1990- | ||
| 245 | |a Implementación de prototipo de goteador solar diurno para uso en una unidad productiva como apoyo a campos de refugiados | ||
| 260 | |a [San José ], Costa Rica |c 2016 | ||
| 300 | |a ix, 39 hojas; ilustraciones | ||
| 500 | |a Proyecto de graduación (bachillerato en ingeniería eléctrica)--Universidad de Costa Rica. Facultad de Ingeniería. Escuela de Ingeniería Eléctrica | ||
| 501 | |a Profesor Guía de IE-0499 Proyecto Eléctrico: Ing. Osvaldo Fernández Cascante | ||
| 650 | |x CONVERTIDORES DE CORRIENTE ELECTRICA |x SISTEMAS DE ENERGIA FOTOVOLTAICA |x SUMINISTRO DE AGUA |9 9927 | ||
| 700 | |9 1148 |a Fernández Cascante, Osvaldo, 1987- |d Director de Proyecto Eléctrico | ||
| 942 | |c CEDI | ||
| 999 | |c 19013 |d 19013 | ||
